000 01024nam a2200265 4500
005 20240530110949.0
008 221212s2022 ua acf f b 000 0 ara d
017 _a2022/3227
_bمصر. دار الكتب
020 _a9789776809826
040 _aEG-CaGPL
_cEG-CaGPL
082 0 4 _221
_a726.1
_bم ج
100 0 _aمحمد حمادة محمد ابو شمة
245 1 0 _aجزيرة مروى بالسودان :
_bدراسة تاريخية اثرية /
_cتاليف محمد حمادة محمد ابو شمة
250 _aط.1
260 _aالقاهرة :
_bالمؤسسة الدولية للكناب،
_c2022.
300 _a364 ص. :
_bايض ؛
_c24 سم.
504 _aيشتمل على ارجاعات ببليوجرافية
650 0 7 _2qrmak
_aالمعابد
_xتاريخ
650 0 7 _2qrmak
_aالمعابد
_xعمارة
650 0 7 _2qrmak
_aالمعابد
_zالسودان
650 0 7 _2qrmak
_aالاثار، علم
651 _2qrmak
942 _2ddc
_cBK
999 _c66971
_d66971